| 000 | 00000nas 2200000zi 4500 |
| 001 | 9.503458 |
| 003 | CaOODSP |
| 005 | 20231212144938 |
| 006 | m o d f |
| 007 | cr ||||||||||| |
| 008 | 150406d20122018oncar p o f0 b0fre|d |
| 022 | |a2562-7678 |
| 040 | |aCaOODSP|bfre|erda|cCaOODSP |
| 043 | |an-cn--- |
| 086 | 1 |aEn104-12/1F-PDF |
| 110 | 1 |aCanada. |bAgence canadienne d'évaluation environnementale, |eorganisme de publication |
| 222 | 0|aApplication de la Loi sur l'accès à l'information, rapport annuel au Parlement … |
| 245 | 10|aApplication de la Loi sur l'accès à l'information. |pRapport annuel au Parlement … |
| 264 | 1|aOttawa (Ontario) : |bCanadian Environmental Assessment Agency = Agence canadienne d'évaluation environnementale |
| 310 | |aAnnuel |
| 336 | |atexte|btxt|2rdacontent/fre |
| 337 | |ainformatique|bc|2rdamedia/fre |
| 338 | |aressource en ligne|bcr|2rdacarrier/fre |
| 362 | 1 |aParaît depuis 2011/2012; ne paraît plus après 2017/2018. |
| 500 | |aPubl. aussi en anglais sous le titre : Administration of the Access to Information Act. Annual report to the Parliament. |
| 588 | |aDescription d'après : 2011/2012. |
| 588 | |aDernière livraison consultée : 2016/2017. |
| 692 | 07|2gccst|aAccès à l'information |
| 710 | 1 |aCanada. |bAgence d'évaluation d'impact du Canada, |eorganisme de publication |
| 775 | 08|tAdministration of the Access to Information Act. |w(CaOODSP)9.507065 |
| 785 | 00|tApplication de la Loi sur l'accès à l'information : |w(CaOODSP)9.891143 |